1906 1146 1462 1243 1770 1104 1237 1485 1046 1541 1257 1477 1703 1667 1859 1845 1081 1584 1617 1517 1930 1664 1560 1899 1395 1261 1593 1672 1431 1253 1165 1054 1089 1791 1465 1093 1929 1561 1907 1094 1901 1955 1094 1790 1965 1816 1142 1377 1507 1939 1476 1366 1791 1892 1387 2000 1341 1781 1579 1962 1614 1674 1646 1989 1219 1124 1960 1099 1417 1447 1978 1091 1400 1756 1443 1523 1493 1814 1247 1291 1730 1162 1906 1439 1254 1127 1333 1552 1091 1713 1023 1592 1433 1655 1208 1147 1362 1627 1573 BCNSPRNW ULIB Ver.6.0+V

เปลี่ยนเป็นภาษาไทย

Change to English
 แสดงรายละเอียดบรรณานุกรม
  กลับหน้าหลัก

Brief Record : Get Marc (ISO 2709) : E-mail record : QR code < ปิดหน้าต่าง
LEADER : 00000nam 2200000uu 4500
001    13399107788
003     ULIB
008    110203s2547||||th 000 0 tha d
020    9746520172
050  4 LB1027.42^bว451ก 2547
245 00 การเรียนรู้โดยใช้ปัญหาเป็นหลักรูปแบบการเรียนรู้โดยผู้เรียนเป็นศูนย์กลาง =^bProblem-based learning as a student-centered learning /^cบรรณาธิการ, วัลลี สัตยาศัย
246 31 Problem-based learning as a student-centered learning
250    พิมพ์ครั้งที่ 1
260    กรุงเทพฯ :^bบุ๊คเน็ท,^c2547
300    vii, 168 หน้า ;^c27 ซม.
650  7 การเรียนที่ใช้ปัญหาเป็นฐาน
650  7 การแก้ปัญหา
700 0  วัลลี สัตยาศัย,^eบรรณาธิการ
945    ^p0^l0^i17863
945    ^p0^l0^i17864
995    เกษร
999    ^aใช้งานได้ทุกระบบ
รายการนี้ยังไม่มีแท็ก
คุณยังไม่ได้ล็อกอิน คุณสามารถมีกิจกรรมร่วมกับเว็บไซต์ได้ แต่ต้องล็อกอินก่อน ::
  ล็อกอิน

รายการสื่อสารสนเทศ

ลำดับที่ ประเภท เลขเรียก/บาร์โค้ด สถานที่ สถานะ
1. วิทยาศาสตร์การแพทย์ และสุขภาพ
วิทยาศาสตร์การแพทย์ และสุขภาพ
LB1027.42 ว451ก 2547  
  Barcode: 17863
ห้องสมุดวิทยาเขตสวรรค์ประชารักษ์
►หนังสือทั่วไป
บนชั้น
2. วิทยาศาสตร์การแพทย์ และสุขภาพ
วิทยาศาสตร์การแพทย์ และสุขภาพ
LB1027.42 ว451ก 2547 ฉ.2 
  Barcode: 17864
ห้องสมุดวิทยาเขตสวรรค์ประชารักษ์
►หนังสือทั่วไป
บนชั้น

รายการใกล้เคียง
    หัวเรื่อง [การเรียนที่ใช้ปัญหาเป็นฐาน]
    หัวเรื่อง [การแก้ปัญหา]

BibComment


ยังไม่เคยถูกคอมเมนท์

คอมเมนท์ทรัพยากรรายการนี้
  คอมเมนท์: การเรียนรู้โดยใช้..


 Copyright 2026. Bcnsprnw @Library